000 00295nam a22001337a 4500
008 170315b xxu||||| |||| 00| 0 eng d
020 _a9780805388602
041 _aeng
080 _23 ED
_a611
100 _a7
101 _aSHM
245 _aBASIC HUMAN ANATOMY
_cSPENCE.A.P
942 _2udc
_cBK
999 _c7868
_d7868